| 000 | | | 05057cbc2a2200000#x 450 |
| 001 | | | 8e70d298-fc72-4e4d-a581-9891227370d9 |
| 005 | | | 20220801150947.0 |
| 100 | ## | $a | 20131003l18411854k y0rusy0189 ca |
| 101 | 0# | $a | rus |
| 102 | ## | $a | RU |
| 251 | ## | $c | Дело |
| 225 | 0# | $a | Фонд Кавказский комитет |
| | $h | Опись № 1 |
| 324 | ## | $a | Пленка |
| 801 | #0 | $a | RU |
| | $b | РГИА |
| | $c | 20131003 |
| 801 | #1 | $a | RU |
| | $b | ГлавНИВЦ |
| | $c | 20131003 |
| | $2 | rusmarc |
| 801 | #2 | $a | RU |
| | $b | ПБ им. Б.Н. Ельцина |
| | $c | 20131004 |
| | $g | RCR |
| | $2 | rusmarc |
| 850 | ## | $a | Федеральное казенное учреждение "Российский государственный исторический архив" |
| 852 | ## | $a | РГИА |
| | $j | 130 |
| 937 | ## | $a | ASBIBLIO_SCAN |
| | $b | РГИА_1268:_1:_130: |
| | $d | 5520259 |
| | $h | РГИА |
| 200 | 1# | $a | Об отмене силы и действия законов Царя Вахтанга. Тут же по собранию сведений о местных обычаях, заменяющих у мусульман письменные правила и уставы |
| | $j | 5 января 1841 г. - К. 10 августа 1854 г. |
| 215 | ## | $a | 388 листов |
| 035 | ## | $a | 8e70d298-fc72-4e4d-a581-9891227370d9 |
| 122 | 2# | $a | d18410105## |
| | $a | d18540810## |
| 300 | ## | $a | Рукописный текст. Чернила |
| 461 | #0 | $1 | 0011145c710-29ff-45d8-a749-d9517cf99d7d |
| | $1 | 2001 |
| | $a | Кавказский комитет |
| | $1 | 251 |
| | $c | Фонд |
| | $1 | 852 |
| | $j | 1268 |
| 462 | #0 | $1 | 001508bc521-aca1-44c5-a56a-5f8d317a0ce9 |
| | $1 | 2001 |
| | $a | 1833-1845 гг. |
| | $v | Д. 130 |
| | $1 | 251 |
| | $c | Опись |
| | $1 | 852 |
| | $j | 1 |
| 606 | 1# | $2 | prlib_sh |
| | $3 | LIBNET\UAF\0000102459 |
| | $a | Обычное право |
| | $j | Архивные дела |
| | $x | История |
| | $y | Грузия |
| 606 | 1# | $2 | nlr_sh |
| | $3 | RU\NLR\AUTH\661369799 |
| | $a | Обычное право |
| | $j | Архивные дела |
| | $x | История |
| | $y | Кавказ Северный |
| 605 | ## | $2 | acquisition_Prlib |
| | $3 | LIBNET\UAF\0000101466 |
| | $a | Год культурного наследия народов России |
| | $l | коллекция |
| 605 | ## | $2 | acquisition_Prlib |
| | $3 | DITM\AF\0000002775 |
| | $a | Власть |
| | $l | коллекция |
| 617 | ## | $2 | prlib_sh |
| | $a | Грузия |
| 686 | ## | $2 | rubbk |
| | $a | 67.3(5Гру)ю1 |
| | $v | LBC/M |
| 686 | ## | $2 | rubbk |
| | $a | 67.3(235.7)ю1 |
| | $v | LBC/M |